[Event "Slow KO"]
[Site "SchemingMind.com"]
[Date "2012.07.15"]
[Round "-"]
[White "THart"]
[Black "flammablepawn"]
[Result "0-1"]
[WhiteCountry "USA"]
[BlackCountry "USA"]
[WhiteElo "1665"]
[WhiteRD "87"]
[BlackElo "1894"]
[BlackRD "91"]
[GameID "314114"]

1. d4 e6 2. Nf3 d5 3. e3 Nf6 4. Bd3 Bd6 5. O-O O-O 6. Nbd2 Nbd7 7. e4 dxe4 8. Nxe4 Nxe4 9. Bxe4 Nf6 10. Re1 Rb8
11. Bg5 Be7 12. Bxf6 Bxf6 13. c3 b6 14. g3 Qd6 15. Qc2 h6 16. Rad1 c5 17. dxc5 Qxc5 18. Re3 Bb7 19. Bxb7 Rxb7 20. Red3 Qa5
21. a3 Qh5 22. Nd4 Rd7 23. Nc6 Qg6 24. Qe2 Rxd3 25. Rxd3 a5 26. Rd7 Rc8 27. Ne7+ Bxe7 28. Rxe7 Qf6 29. Rd7 Rd8 30. Qd3 Rxd7
31. Qxd7 e5 32. Qe8+ Kh7 33. Qb5 Qd6 34. Kg2 f5 35. Qe2 Qd5+ 36. Qf3 e4
0-1

[Event "Slow KO"]
[Site "SchemingMind.com"]
[Date "2012.07.15"]
[Round "-"]
[White "flammablepawn"]
[Black "THart"]
[Result "1-0"]
[WhiteCountry "USA"]
[BlackCountry "USA"]
[WhiteElo "1896"]
[WhiteRD "92"]
[BlackElo "1739"]
[BlackRD "79"]
[GameID "314121"]

1. b4 e5 2. Bb2 d6 3. e4 Nf6 4. Nc3 Be7 5. Nf3 Bg4 6. Be2 Bxf3 7. Bxf3 O-O 8. O-O Nc6 9. a3 Nd4 10. d3 Nxf3+
11. Qxf3 Qd7 12. Ne2 a5 13. c4 axb4 14. axb4 b5 15. Rxa8 Rxa8 16. Nc3 c6 17. cxb5 cxb5 18. Qe3 h6 19. Qb6 Bd8 20. Qxb5 Qxb5
21. Nxb5 Be7 22. Bc3 Nd7 23. Nc7 Rc8 24. Nd5 Bd8 25. Rc1 f6 26. Bd2 Rxc1+ 27. Bxc1 Nb6 28. Ne3 Kf7 29. Nc4 Bc7 30. Ba3 Ke6
31. Kf1 Na4 32. Ke2 Nc3+ 33. Kd2 Nb1+ 34. Kc2 Nxa3+ 35. Nxa3 Bb6 36. f3 d5 37. Kc3 Bf2 38. b5 Be1+ 39. Kb3 Ba5 40. Ka4 Bb6
41. Nc2 d4 42. Nb4 Kd6 43. Nd5 Kc5 44. Nxb6 Kxb6 45. Kb4 g6 46. h4 h5 47. Kc4
1-0

[Event "Slow KO"]
[Site "SchemingMind.com"]
[Date "2012.07.12"]
[Round "-"]
[White "mmccaffe"]
[Black "James Reed"]
[Result "1-0"]
[WhiteCountry "USA"]
[BlackCountry "ENG"]
[WhiteElo "1622"]
[WhiteRD "59"]
[BlackElo "1581"]
[BlackRD "56"]
[GameID "314163"]

1. e4 e5 2. Nf3 Nc6 3. Bb5 a6 4. Ba4 Nf6 5. O-O Be7 6. Qe2 h6 7. c3 O-O 8. Bxc6 dxc6 9. Nxe5 Bd6 10. Nf3 Re8
11. d3 Bg4 12. Nbd2 Qd7 13. Re1 Bxf3 14. Qxf3 b6 15. Nf1 c5 16. Ne3 Qb5 17. Qe2 Bf4 18. Nf5 Bxc1 19. Raxc1 Rad8 20. Red1 a5
21. f4 Kh7 22. g4 g6 23. Ne3 c6 24. f5 gxf5 25. Nxf5 c4 26. Qe3 Ng8 27. d4 Re6 28. Rd2 Rg6 29. Rg2 Qa6 30. Kh1 Qa7
31. Rcg1 Ne7 32. g5 Nxf5 33. exf5 Rxg5 34. Rxg5 hxg5 35. Qxg5 Qe7 36. Qh5#
1-0

[Event "Slow KO"]
[Site "SchemingMind.com"]
[Date "2012.07.14"]
[Round "-"]
[White "NimbleKnight"]
[Black "Till Plewe"]
[Result "0-1"]
[WhiteCountry "USA"]
[BlackCountry "JPN"]
[WhiteElo "1865"]
[WhiteRD "75"]
[BlackElo "2341"]
[BlackRD "71"]
[GameID "314304"]

1. d4 f5 2. g3 Nf6 3. Bg2 g6 4. Nf3 Bg7 5. O-O O-O 6. b3 d6 7. Bb2 Qe8 8. c4 Na6 9. Nc3 e5 10. dxe5 dxe5
11. e4 f4 12. Ba3 Rf7 13. Ng5 Rd7 14. Qe2 c6 15. h3 Nc7 16. Bb2 Qe7 17. Rae1 Nh5 18. g4 Qxg5 19. gxh5 gxh5 20. Kh2 Ne6
21. Nb1 Qh4 22. f3 Bf6 23. Qf2 Qxf2 24. Rxf2 Bh4 25. Rff1 Bxe1 26. Rxe1 Nd4 27. Rd1 c5 28. Nc3 Rg7 29. Nd5 Rg3 30. Bxd4 cxd4
31. Rd2 Kf7 32. Nb4 Bd7 33. Nd3 Kf6 34. h4 a5 35. a4 Rc8 36. Ne1 b5 37. axb5 a4 38. bxa4 Rxc4 39. Nd3 Rxa4 40. b6 Ra5
41. Rb2 Rb5 42. Rd2 Rxb6 43. Nf2 Rb3 44. Nd3 Bb5 45. Nf2 Rb1 46. Bh1 Bf1 47. Ra2 d3 48. Rd2 Rc1 49. Nxd3 Bxd3 50. Rxd3 Rc2+
51. Bg2 Rgxg2+ 52. Kh1 Rgd2 53. Rxd2 Rxd2
0-1

[Event "Slow KO"]
[Site "SchemingMind.com"]
[Date "2012.07.14"]
[Round "-"]
[White "Till Plewe"]
[Black "NimbleKnight"]
[Result "1-0"]
[WhiteCountry "JPN"]
[BlackCountry "USA"]
[WhiteElo "2330"]
[WhiteRD "67"]
[BlackElo "1864"]
[BlackRD "71"]
[GameID "314309"]

1. e4 e6 2. d4 d5 3. Nd2 c5 4. Ngf3 cxd4 5. exd5 Qxd5 6. Bc4 Qd6 7. O-O Nf6 8. Nb3 Nc6 9. Nbxd4 Nxd4 10. Nxd4 a6
11. Re1 Qc7 12. Qe2 Bd6 13. Bg5 O-O 14. Bd3 Nd5 15. g3 b5 16. Rad1 Bb7 17. Be4 Rfe8 18. Qh5 g6 19. Qh4 Be7 20. Bxe7 Qxe7
21. Qxe7 Rxe7 22. Nb3 Rc7 23. Na5 Rd8 24. Nxb7 Rxb7 25. Bxd5 exd5 26. Re5 Rbd7 27. Rd4 h5 28. c3 f6 29. Re2 Kf7 30. Red2 Rd6
31. Kg2 Ke6 32. f4 Ke7 33. Kf3 R8d7 34. a4 Ke6 35. Ke2 f5 36. Kd3 Ke7 37. axb5 axb5 38. Re2+ Kd8 39. Rb4 Rb7 40. Kd4 Kd7
41. Kc5 Rb8 42. h4 Rc6+ 43. Kxd5 Rd6+ 44. Kc5 Rc6+ 45. Kd4 Rd6+ 46. Ke3 Rbb6 47. Rd2 Rxd2 48. Kxd2 Kc6 49. Rd4 Rb8 50. Rd3 Re8
51. Re3 Rd8+ 52. Kc2 Rd6 53. Kb3 Kb6 54. Kb4 Ka6 55. Kc5 Rb6 56. b4 Kb7 57. Re7+ Ka6 58. Rc7 Rf6 59. Rc6+ Rxc6+ 60. Kxc6 Ka7
61. Kxb5 Kb7 62. c4
1-0

[Event "Slow KO"]
[Site "SchemingMind.com"]
[Date "2012.07.23"]
[Round "-"]
[White "emvarela"]
[Black "krzysztof"]
[Result "1-0"]
[WhiteCountry "ARG"]
[BlackCountry "POL"]
[WhiteElo "1759"]
[WhiteRD "49"]
[BlackElo "1477"]
[BlackRD "66"]
[GameID "314547"]

1. e4 e5 2. Nf3 Nc6 3. Bb5 Qf6 4. Nc3 Bc5 5. Nd5 Qd6 6. O-O a6 7. Bxc6 dxc6 8. Nc3 Bd7 9. d3 O-O-O 10. Qe2 Nh6
11. Bxh6 gxh6 12. Rad1 Rdg8 13. Nh4 Qf6 14. Nf5 Bxf5 15. exf5 Qxf5 16. Ne4 Rxg2+ 17. Kxg2 Rg8+ 18. Kh1 Qh3 19. Ng3 Bd6 20. Qh5 Qe6
21. Qf5 Qxf5 22. Nxf5 Rg6 23. Nxd6+ cxd6 24. f4 f5 25. fxe5 dxe5 26. Rxf5 Re6 27. Rg1 Kc7 28. Rg7+ Kb6 29. Rxh7 Kc5 30. Rxb7 Re8
31. Rh7 Kb6 32. Rxh6 e4 33. dxe4 Rxe4 34. Kg2 Re2+ 35. Rf2 Re5 36. Rh3 c5 37. Rb3+ Kc6 38. Rf6+ Kd5 39. Rxa6 Re2+ 40. Kg3 Rxc2
41. a4 Kc4 42. Rf3 Rxb2 43. Rf4+ Kd5 44. a5 Rb3+ 45. Kg4 c4 46. Rf5+ Kd4 47. Rd6+ Kc3 48. Rf3+ Kb2 49. Rxb3+ Kxb3 50. a6 c3
51. a7 c2 52. a8=Q c1=Q 53. Qb7+ Kc2 54. Rc6+ Kd1 55. Rxc1+ Kxc1 56. Qb3
1-0

[Event "Slow KO"]
[Site "SchemingMind.com"]
[Date "2012.07.23"]
[Round "-"]
[White "krzysztof"]
[Black "emvarela"]
[Result "0-1"]
[WhiteCountry "POL"]
[BlackCountry "ARG"]
[WhiteElo "1563"]
[WhiteRD "75"]
[BlackElo "1731"]
[BlackRD "50"]
[GameID "314558"]

1. c3 e5 2. e4 Nf6 3. Qc2 Bc5 4. d3 Nc6 5. Nf3 d5 6. Na3 Bxa3 7. bxa3 dxe4 8. dxe4 O-O 9. h3 h6 10. Bd3 Be6
11. Bb2 Qe7 12. c4 Rad8 13. Nxe5 Nxe5 14. Bxe5 Bxc4 15. Bxf6 Qxf6 16. Rd1 Bxd3 17. Rxd3 Rxd3 18. Qxd3 Rd8 19. Qb1 Qc3+ 20. Ke2 Qd2+
21. Kf3 Rd3+ 22. Kg4 Qe2+ 23. Kh4 g5#
0-1

[Event "Slow KO"]
[Site "SchemingMind.com"]
[Date "2012.07.21"]
[Round "-"]
[White "Hisjazzrabbit"]
[Black "Uzi Mike"]
[Result "0-1"]
[WhiteCountry "FRA"]
[BlackCountry "USA"]
[WhiteElo "1458"]
[WhiteRD "94"]
[BlackElo "2401"]
[BlackRD "83"]
[GameID "314621"]

1. e3 e5 2. Nc3 Nf6 3. f4 exf4 4. exf4 d5 5. d4 Bb4 6. Bd3 O-O 7. h3 c5 8. a3 Bxc3+ 9. bxc3 c4 10. Be2 Ne4
11. Be3 Qh4+ 12. Bf2 Qxf2#
0-1

[Event "Slow KO"]
[Site "SchemingMind.com"]
[Date "2012.07.21"]
[Round "-"]
[White "Uzi Mike"]
[Black "Hisjazzrabbit"]
[Result "1-0"]
[WhiteCountry "USA"]
[BlackCountry "FRA"]
[WhiteElo "2401"]
[WhiteRD "83"]
[BlackElo "1458"]
[BlackRD "94"]
[GameID "314627"]

1. d4 Nf6 2. c4 b6 3. Nc3 Bb7 4. Qc2 e6 5. e4 g6 6. Nf3 Bg7 7. e5 Bxf3 8. exf6 Qxf6 9. gxf3 Qxf3 10. Rg1 Bxd4
11. Bg2 Qxf2+ 12. Qxf2 Bxf2+ 13. Kxf2 c6 14. b4 Na6 15. b5 Nb4 16. Rd1 O-O-O 17. a3
1-0

[Event "Slow KO"]
[Site "SchemingMind.com"]
[Date "2012.07.21"]
[Round "-"]
[White "chesshub"]
[Black "dadshane2000"]
[Result "1-0"]
[WhiteCountry "FRA"]
[BlackCountry "USA"]
[WhiteElo "2486"]
[WhiteRD "79"]
[BlackElo "2044"]
[BlackRD "99"]
[GameID "314690"]

1. e4 c5 2. Nf3 d6 3. d4 cxd4 4. Nxd4 Nf6 5. Nc3 a6 6. Be3 Nbd7 7. f3 e5 8. Nb3 Nb6 9. Qd2 Be6 10. O-O-O Be7
11. g4 O-O 12. h4 Rc8 13. Kb1 Nfd7 14. g5 Qc7 15. h5 f5 16. g6 f4 17. Bxb6 Nxb6 18. gxh7+ Kh8 19. Nd5 Nxd5 20. exd5 Bf5
21. Bd3 Qd7 22. Na5 Bd8 23. Bxf5 Rxf5 24. Nb3 Bg5 25. Qd3 Bh6 26. Nd2 b5 27. Ne4 Rc4 28. Nxd6
1-0

[Event "Slow KO"]
[Site "SchemingMind.com"]
[Date "2012.07.21"]
[Round "-"]
[White "Daryl Fouard"]
[Black "e_castle3"]
[Result "1-0"]
[WhiteCountry "USA"]
[BlackCountry "PHI"]
[WhiteElo "1843"]
[WhiteRD "84"]
[BlackElo "1833"]
[BlackRD "63"]
[GameID "314691"]

1. e4 c6 2. Nf3 d5 3. Nc3 dxe4 4. Nxe4 h6 5. Bc4 Bf5 6. Nc5 b6 7. Nb3 b5 8. Bxf7+ Kxf7 9. Ne5+ Ke8 10. Qh5+ g6
11. Nxg6 Bxg6 12. Qxg6+ Kd7 13. Nc5+ Kc8 14. Qe6+ Kc7 15. Qe5+ Qd6 16. Qxd6+ exd6 17. Ne6+ Kb7 18. Nxf8 Ne7 19. Ne6 Nf5 20. O-O Nd7
21. d3 Rae8 22. Nf4 Nd4 23. c3 Ne2+ 24. Nxe2 Rxe2 25. Bf4 d5 26. b3 Nc5 27. d4 Nd3 28. Bg3 Rc2 29. Rfd1 Rxc3 30. Bd6 Rd8
31. Be5 Re8 32. f4 h5 33. f5 Nxe5 34. dxe5 Rxe5 35. Rf1 Rce3 36. Rf4 Re8 37. f6 Re1+ 38. Rxe1 Rxe1+ 39. Kf2 Re8 40. f7 Rf8
41. Kg3 Kc7 42. Kh4 Kd7 43. Kxh5 Ke7 44. Kg6 c5 45. h4 c4 46. bxc4 bxc4 47. Kg7 c3 48. Rf1
1-0

[Event "Slow KO"]
[Site "SchemingMind.com"]
[Date "2012.07.21"]
[Round "-"]
[White "dadshane2000"]
[Black "chesshub"]
[Result "0-1"]
[WhiteCountry "USA"]
[BlackCountry "FRA"]
[WhiteElo "2024"]
[WhiteRD "93"]
[BlackElo "2477"]
[BlackRD "72"]
[GameID "314693"]

1. e4 c5 2. Nf3 d6 3. d4 cxd4 4. Nxd4 Nf6 5. Nc3 a6 6. Be3 e5 7. Nb3 Be6 8. f3 h5 9. Nd5 Bxd5 10. exd5 Nbd7
11. Qd2 Qc7 12. O-O-O Be7 13. Kb1 Nb6 14. Qa5 Rc8 15. c3 Bd8 16. Bxb6 Qxb6 17. Qa4+ Kf8 18. Bd3 g6 19. Bc2 Kg7 20. f4 Ng4
21. fxe5 dxe5 22. d6 Nf2 23. d7 Rc7 24. Qa3 Nxh1 25. Rxh1 Qb5 26. Rd1 Rxd7 27. Rxd7 Qxd7 28. Qc5 Re8 29. Qe3 e4 30. Nd4 Bb6
0-1

[Event "Slow KO"]
[Site "SchemingMind.com"]
[Date "2012.07.21"]
[Round "-"]
[White "e_castle3"]
[Black "Daryl Fouard"]
[Result "1-0"]
[WhiteCountry "PHI"]
[BlackCountry "USA"]
[WhiteElo "1802"]
[WhiteRD "64"]
[BlackElo "1735"]
[BlackRD "72"]
[GameID "314694"]

1. e4 c5 2. Nf3 e6 3. Nc3 a6 4. g3 b5 5. Bg2 Bb7 6. d3 d6 7. Bg5 Be7 8. Bxe7 Nxe7 9. Qd2 O-O 10. h4 h5
11. Qg5 g6 12. g4 f6 13. Qh6 Rf7 14. gxh5 Rh7 15. Qe3 Rxh5 16. Bh3 f5 17. O-O-O Nbc6 18. Rdg1 Kf7 19. Rh2 d5 20. exd5 exd5
21. Ng5+ Kf6 22. Qe6+ Kg7 23. Qf7+ Kh8 24. Ne6 Qg8 25. Qf6+ Kh7 26. Ng5+ Kh6 27. Bf1 Rf8 28. Qd6 Rf6 29. Qc7 d4 30. Qxb7 dxc3
31. Qxa6 cxb2+ 32. Kb1 Nb4 33. Qa3 Ra6 34. Qxb2 Rxa2 35. Qf6 Rxc2 36. Nf7+ Kh7 37. Qxe7 Qg7 38. Ng5+ Kg8 39. Qe8+ Qf8 40. Qxf8+ Kxf8
41. Ne6+ Kf7 42. Nd8+ Ke7 43. Nc6+ Nxc6 44. Kxc2 Nd4+ 45. Kc3 Nf3 46. Rgg2 Nxh2 47. Rxh2 g5 48. d4 b4+= 49. Kc4 cxd4 50. Kxd4 g4=
51. Kc4 Ke6 52. Kxb4 Kd5 53. Bg2+ Kd4 54. Bc6 Kd3 55. Be8 Rh8 56. Bg6 Ke4 57. h5 Kf4 58. h6 g3 59. fxg3+ Kxg3 60. Rh5 f4
61. h7 f3 62. Rg5+ Kh2 63. Be4 Kh3 64. Rf5 Rxh7 65. Rxf3+ Kg4 66. Kc4 Rc7+ 67. Kd3 Rd7+ 68. Ke3 Re7 69. Rf4+ Kg5 70. Kf3 Re5
71. Rg4+ Kh6 72. Kf4 Rb5 73. Rg6+ Kh5 74. Rd6 Rb4 75. Rd5+ Kh6 76. Rd7
1-0

[Event "Slow KO"]
[Site "SchemingMind.com"]
[Date "2012.07.21"]
[Round "-"]
[White "Greg Magne"]
[Black "Phillip Beckett"]
[Result "1/2-1/2"]
[WhiteCountry "CAN"]
[BlackCountry "ENG"]
[WhiteElo "1818"]
[WhiteRD "88"]
[BlackElo "1600"]
[BlackRD "47"]
[GameID "314766"]

1. d4 d5 2. c4 e6 3. Nc3 Nf6 4. Bg5 Be7 5. Nf3 h6 6. Bh4 O-O 7. e3 Ne4 8. Bxe7 Qxe7 9. cxd5 Nxc3 10. bxc3 exd5
11. Qb3 Nd7 12. Qxd5 Nf6 13. Qb3 Be6 14. c4 Ne4 15. Be2 c5 16. d5 Bg4 17. h3 Bxf3 18. gxf3 Nd6 19. Rg1 Qf6 20. Rd1 a5
21. e4 a4 22. Qe3 Rfb8 23. f4 Qb2 24. e5 b5 25. Bd3 bxc4 26. Qg3 Ne8 27. Bxc4 Qb4+ 28. Kf1 Qxc4+ 29. Kg2 Qe4+ 30. Kh2 Rb4
31. d6 Qxf4 32. d7 Qxg3+ 33. Rxg3 Rd4 34. Rgd3 Rxd3 35. Rxd3 Rd8 36. dxe8=Q+ Rxe8 37. f4 Rb8 38. Ra3 Rb4 39. Kg3 Kh7 40. Rc3 c4
41. Kg4 g6 42. h4 Rb2 43. Rxc4 Rxa2 44. h5 a3 45. hxg6+ Kxg6 46. f5+ Kg7 47. Ra4 Re2 48. Kf4 a2 49. Ra7 Rf2+ 50. Kg4 h5+
51. Kg5 Rg2+ 52. Kxh5 Re2 53. e6 a1=Q 54. Rxa1= fxe6 55. fxe6 Rxe6=
1/2-1/2

[Event "Slow KO"]
[Site "SchemingMind.com"]
[Date "2012.07.22"]
[Round "-"]
[White "Timaeus"]
[Black "bedo"]
[Result "0-1"]
[WhiteCountry "JPN"]
[BlackCountry "AUS"]
[WhiteElo "1395"]
[WhiteRD "66"]
[BlackElo "1979"]
[BlackRD "186"]
[GameID "314768"]

1. e4 c6 2. d4 d5 3. f3 e6 4. e5 Ne7 5. Ne2 Nf5 6. Bf4 Qb6 7. Qd2 Qxb2 8. Qc3 Bb4 9. Bc1 Bxc3+ 10. Nexc3 Qxc1+
11. Nd1 Ne3 12. Be2 Nxc2+ 13. Kf1 Nxa1 14. Nc3 Nc2 15. Kf2 Nd7 16. Kg3 Nxd4 17. Re1 Nxe2+ 18. Rxe2 b6 19. f4 Ba6 20. Rf2 d4
21. Rf1 Bxf1 22. Ne4 Qxd1 23. Nf2 Qe2 24. h3 Qe3+ 25. Kh2 Qxf2
0-1

[Event "Slow KO"]
[Site "SchemingMind.com"]
[Date "2012.07.23"]
[Round "-"]
[White "Post-cardist"]
[Black "Clive Everill"]
[Result "1/2-1/2"]
[WhiteCountry "ENG"]
[BlackCountry "CZE"]
[WhiteElo "1757"]
[WhiteRD "124"]
[BlackElo "1710"]
[BlackRD "48"]
[GameID "314771"]

1. d4 Nf6 2. Bf4 g6 3. e3 Bg7 4. Nf3 b6 5. h3 Bb7 6. c3 O-O 7. Nbd2 d6 8. Bc4 e6 9. O-O Qe7 10. a4 d5
11. Be2 Nbd7 12. Bxc7 Rfc8 13. Bh2 Ne8 14. a5 a6 15. axb6 Nxb6 16. Qc2 Nd6 17. Ra2 Ndc4 18. Nxc4 Nxc4 19. Nd2 Nxd2 20. Qxd2 e5
21. Rfa1 Rc6 22. Bxe5 Bxe5 23. dxe5 Qxe5 24. Qd4 Qd6 25. Ra5 Rb6 26. Bf3 Rxb2 27. Bxd5 Bxd5 28. Qxd5 Qxd5 29. Rxd5 Rc2 30. Rd3 a5
31. Ra4 f5 32. c4 Kg7 33. g4 fxg4 34. hxg4 Kf6 35. Kg2 h6 36. Kg3 Rc1 37. Rd5 Ke6 38. Rdxa5 Rxa5 39. Rxa5 Rxc4 40. f4 Rc1
41. Kf3 Rf1+ 42. Ke4 Rg1 43. Ra6+ Kf7 44. Ra7+ Kf6 45. Rh7 Rxg4 46. Rxh6 Kg7 47. Kf3 Rg1 48. Rh2 Kf6 49. Ke4 Ra1 50. Rd2 Rh1
51. Rd6+ Kf7 52. f5 Rh4+ 53. Ke5 gxf5 54. Rf6+ Ke7 55. Rxf5 Rh1 56. e4 Re1 57. Rf6 Rxe4+=
1/2-1/2

[Event "Slow KO"]
[Site "SchemingMind.com"]
[Date "2012.07.26"]
[Round "-"]
[White "Iucounu"]
[Black "e_safarz"]
[Result "0-1"]
[WhiteCountry "ENG"]
[BlackCountry "CAN"]
[WhiteElo "1437"]
[WhiteRD "48"]
[BlackElo "2490"]
[BlackRD "71"]
[GameID "314772"]

1. e4 c5 2. Nf3 d6 3. Bb5+ Nd7 4. d3 a6 5. Ba4 Nf6 6. O-O b5 7. Bb3 e6 8. c3 Be7 9. Bc2 Bb7 10. Nbd2 O-O
11. Re1 Qc7 12. Nb3 Rac8 13. Bg5 h6 14. Bf4 Rfd8 15. d4 e5 16. dxe5 dxe5 17. Bg3 Nh5 18. Qe2 Nxg3 19. hxg3 c4 20. Nbd2 Bc5
21. Rad1 Nf6 22. Nb1 Ng4 23. Rxd8+ Rxd8 24. Nh2 Nxf2 25. Kf1 f5 26. exf5 e4 27. Nd2 Nh1 28. Nxe4 Bxe4 29. Qxe4 Nxg3#
0-1

[Event "Slow KO"]
[Site "SchemingMind.com"]
[Date "2012.07.21"]
[Round "-"]
[White "Phillip Beckett"]
[Black "Greg Magne"]
[Result "0-1"]
[WhiteCountry "ENG"]
[BlackCountry "CAN"]
[WhiteElo "1600"]
[WhiteRD "47"]
[BlackElo "1818"]
[BlackRD "88"]
[GameID "314774"]

1. e4 c5 2. Nf3 d6 3. d4 cxd4 4. Nxd4 Nf6 5. Nc3 a6 6. Bg5 e6 7. f4 Be7 8. Qf3 Qc7 9. O-O-O Nbd7 10. Bd3 b5
11. a3 Bb7 12. g4 h6 13. Bh4 Nxe4 14. Bxe4 Bxe4 15. Qxe4 d5 16. Qf3 Bxh4 17. f5 O-O 18. fxe6 fxe6 19. Qh3 Bg5+ 20. Kb1 Rae8
21. Nf3 Qf4 22. Rhf1 Nf6 23. Nxg5 Qxg5 24. Rg1 Rd8 25. Rdf1 d4 26. Ne2 Qd2 27. Nf4 Rc8 28. Rg2 Qe3 29. Rf3 Qe1+ 30. Ka2 e5
31. Ng6 Rfe8 32. g5 hxg5 33. Qh8+ Kf7 34. Nxe5+ Qxe5 35. Qh5+ Kg8 36. Qg6 Qd5+ 37. b3 Qxf3
0-1

[Event "Slow KO"]
[Site "SchemingMind.com"]
[Date "2012.07.21"]
[Round "-"]
[White "bedo"]
[Black "Timaeus"]
[Result "1-0"]
[WhiteCountry "AUS"]
[BlackCountry "JPN"]
[WhiteElo "1942"]
[WhiteRD "203"]
[BlackElo "1410"]
[BlackRD "65"]
[GameID "314776"]

1. Nf3 a6 2. e4 Nc6 3. d4 e6 4. c4 Nf6 5. Nc3 d5 6. e5 Nd7 7. cxd5 exd5 8. Nxd5 Bb4+ 9. Nxb4 Nxb4 10. Qb3 Qe7
11. Bg5 Qf8 12. e6 fxe6 13. Qxe6+ Qe7 14. Qxe7#
1-0

[Event "Slow KO"]
[Site "SchemingMind.com"]
[Date "2012.07.22"]
[Round "-"]
[White "Clive Everill"]
[Black "Post-cardist"]
[Result "1-0"]
[WhiteCountry "CZE"]
[BlackCountry "ENG"]
[WhiteElo "1763"]
[WhiteRD "49"]
[BlackElo "1764"]
[BlackRD "123"]
[GameID "314779"]

1. e4 c6 2. d4 d5 3. Nd2 dxe4 4. Nxe4 Bf5 5. Ng3 Bg6 6. N1e2 e6 7. Nf4 Qc7 8. c3 Nf6 9. h4 Bd6 10. Qf3 Nbd7
11. h5 Bc2 12. h6 gxh6 13. Bd3 Bxd3 14. Nxd3 Rg8 15. Bf4 Bxf4 16. Nxf4 h5 17. Nfxh5 Nxh5 18. Rxh5 Rg7 19. O-O-O O-O-O 20. Ne4 b6
21. g3 f5 22. Nd2 Nf6 23. Rh6 Rg6 24. Rdh1 Rxh6 25. Rxh6 Rf8 26. Nc4 c5 27. Qa8+ Qb8 28. Qc6+ Qc7 29. Qxe6+ Qd7 30. Rxf6 Qxe6
31. Rxe6 cxd4 32. cxd4 f4 33. g4 Rg8 34. f3 Rd8 35. Re4
1-0

[Event "Slow KO"]
[Site "SchemingMind.com"]
[Date "2012.07.26"]
[Round "-"]
[White "e_safarz"]
[Black "Iucounu"]
[Result "1-0"]
[WhiteCountry "CAN"]
[BlackCountry "ENG"]
[WhiteElo "2451"]
[WhiteRD "74"]
[BlackElo "1384"]
[BlackRD "49"]
[GameID "314780"]

1. e4 c5 2. Nf3 Nc6 3. d4 Nxd4 4. Nxd4 cxd4 5. Qxd4 e6 6. Nc3 Qf6 7. e5 Qg6 8. Nb5 Kd8 9. Be3 Qxc2 10. Rc1 Qf5
11. Bd3 Bb4+ 12. Qxb4 b6 13. Qf8#
1-0

[Event "Slow KO"]
[Site "SchemingMind.com"]
[Date "2012.07.24"]
[Round "-"]
[White "lemme howdt"]
[Black "maro"]
[Result "1-0"]
[WhiteCountry "USA"]
[BlackCountry "MEX"]
[WhiteElo "1543"]
[WhiteRD "80"]
[BlackElo "1341"]
[BlackRD "64"]
[GameID "314878"]

1. e4 e5 2. Nf3 Nc6 3. Bc4 Nh6 4. c3 g6 5. d4 exd4 6. Nxd4 Ne5 7. Qb3 Qh4 8. Nd2 Neg4 9. g3 Qf6 10. O-O Bd6
11. f4 Ne3 12. e5 Qe7 13. exd6 cxd6 14. Rf2 Nxc4 15. Nxc4 Qe1+ 16. Kg2 O-O 17. Re2 Qxe2+ 18. Nxe2 Re8 19. Kf3
1-0

[Event "Slow KO"]
[Site "SchemingMind.com"]
[Date "2012.07.26"]
[Round "-"]
[White "iwegiel"]
[Black "kenneth m day"]
[Result "1-0"]
[WhiteCountry "POL"]
[BlackCountry "USA"]
[WhiteElo "2017"]
[WhiteRD "111"]
[BlackElo "1752"]
[BlackRD "52"]
[GameID "314879"]

1. e4 c5 2. Nf3 Nc6 3. Bb5 g6 4. Bxc6 bxc6 5. O-O Bg7 6. Re1 d6 7. c3 Nf6 8. d4 cxd4 9. cxd4 O-O 10. b3 Bb7
11. Bb2 Rc8 12. Nbd2 Re8 13. Qe2 c5 14. e5 Nd5 15. Nc4 cxd4 16. exd6 exd6 17. Qxe8+ Qxe8 18. Rxe8+ Rxe8 19. Nxd6 Re7 20. Nxb7 Rxb7
21. Bxd4 a5 22. g3 Rb4 23. Bxg7 Kxg7 24. Rc1 a4 25. Rc5 Nb6 26. Rc3 Nd5 27. Rd3 Nb6 28. Kf1 axb3 29. axb3 h5 30. Ke2 Nc8
31. Kd2 Ne7 32. Kc3 Re4 33. Rd2 Nc6 34. Nd4 Ne5 35. b4 Kf8 36. b5 Nd7 37. Kc4 Nb6+ 38. Kc5 Na4+ 39. Kc6 Re8 40. b6 Rb8
41. b7 Nc5 42. Kxc5 Rxb7 43. Nc6 Rb1 44. h4 Kg7 45. Kd4 f6 46. Kd5 g5 47. Nd4 Rh1 48. Nf3 gxh4 49. Nxh4 Kh6 50. Ke6
1-0

[Event "Slow KO"]
[Site "SchemingMind.com"]
[Date "2012.07.27"]
[Round "-"]
[White "Scooter"]
[Black "Olli Ylönen"]
[Result "1-0"]
[WhiteCountry "USA"]
[BlackCountry "FIN"]
[WhiteElo "1806"]
[WhiteRD "47"]
[BlackElo "1845"]
[BlackRD "53"]
[GameID "314881"]

1. d4 Nf6 2. Nf3 g6 3. Bf4 Bg7 4. h3 O-O 5. e3 c5 6. c3 b6 7. Be2 Bb7 8. O-O d6 9. Nbd2 Nbd7 10. Qc2 Rc8
11. Qb3 cxd4 12. cxd4 Re8 13. Rac1 e5 14. dxe5 dxe5 15. Rxc8 Qxc8 16. Ng5 Bd5 17. Bc4 Bxc4 18. Nxc4 Nc5 19. Qc2 Qc6 20. Nxe5 Qb7
21. Nexf7 h6 22. Nd6 Qe7 23. Nxe8
1-0

[Event "Slow KO"]
[Site "SchemingMind.com"]
[Date "2012.07.24"]
[Round "-"]
[White "maro"]
[Black "lemme howdt"]
[Result "0-1"]
[WhiteCountry "MEX"]
[BlackCountry "USA"]
[WhiteElo "1341"]
[WhiteRD "64"]
[BlackElo "1543"]
[BlackRD "80"]
[GameID "314883"]

1. e4 e5 2. Nc3 Nf6 3. d3 Bb4 4. Bd2 Nc6 5. Nf3 d6 6. Nd5 Bxd2+ 7. Qxd2 Bg4 8. Be2 h6 9. h3 Bxf3 10. Bxf3 Nd4
11. O-O c6 12. Nxf6+ Qxf6 13. Bg4 g6 14. h4 Qxh4 15. f3 h5 16. Bh3 c5 17. c3 Ne6 18. Bxe6 fxe6 19. Rfe1 Rf8 20. Qh6 Qf6
21. Kf2 O-O-O 22. Qd2 g5 23. c4 g4 24. Kg3 gxf3 25. gxf3 Qxf3+ 26. Kh2 Rf4 27. Rf1 Rh4+
0-1

[Event "Slow KO"]
[Site "SchemingMind.com"]
[Date "2012.07.24"]
[Round "-"]
[White "kenneth m day"]
[Black "iwegiel"]
[Result "0-1"]
[WhiteCountry "USA"]
[BlackCountry "POL"]
[WhiteElo "1754"]
[WhiteRD "54"]
[BlackElo "2089"]
[BlackRD "105"]
[GameID "314884"]

1. e4 e6 2. d4 d5 3. Nc3 Nf6 4. e5 Nfd7 5. f4 c5 6. dxc5 Nc6 7. Nf3 Bxc5 8. a3 a6 9. Bd3 b5 10. Qe2 Qc7
11. Be3 d4 12. Ne4 dxe3 13. Nxc5 Nxc5 14. Qxe3 Nxd3+ 15. Qxd3 Ne7 16. O-O Bb7 17. Rad1 Rd8 18. Qe2 Qb6+ 19. Kh1 O-O 20. Ng5 Qc6
21. Nf3 Nd5 22. Nd4 Qc5 23. c3 Ne7 24. Rd2 Qb6 25. Rfd1 Nf5 26. Nxf5 exf5 27. h3 g6 28. Rd6 Qc7 29. R1d2 Rfe8 30. Qd1 Rxd6
31. exd6 Qc6 32. d7 Rd8 33. Qe2 Qe4 34. Qf2 Bc6 35. Re2 Qb1+ 36. Re1 Qd3 37. Re3 Qxd7
0-1

[Event "Slow KO"]
[Site "SchemingMind.com"]
[Date "2012.07.27"]
[Round "-"]
[White "Olli Ylönen"]
[Black "Scooter"]
[Result "0-1"]
[WhiteCountry "FIN"]
[BlackCountry "USA"]
[WhiteElo "1845"]
[WhiteRD "53"]
[BlackElo "1806"]
[BlackRD "47"]
[GameID "314886"]

1. Nc3 e5 2. Nf3 Nc6 3. d4 exd4 4. Nxd4 Nxd4 5. Qxd4 Nf6 6. e4 d6 7. Bg5 Be7 8. O-O-O O-O 9. e5 Nd7 10. Bxe7 Qxe7
11. exd6 cxd6 12. Qxd6 Qg5+ 13. f4 Qg4 14. Nd5 Rd8 15. Ne7+ Kh8 16. Nxc8 Raxc8 17. Qe7 Qxf4+ 18. Kb1 Qf5 19. Bd3 Qf6 20. Rhe1 g6
21. Qxf6+ Nxf6 22. Re7 Ng4 23. Rxf7 Nxh2 24. Rxb7 Ng4 25. Rxa7 Nf2 26. Rd2 Re8 27. b4 Nxd3 28. cxd3 Re1+ 29. Kb2 Rcc1 30. Ka3 Rb1
31. Rb2 Rxb2 32. Kxb2 Re2+ 33. Kb3 Rxg2 34. b5 Rg1 35. a4 h5 36. a5 h4 37. b6 h3 38. Ra8+ Kh7 39. Kc4 h2 40. b7 Rb1
41. a6 h1=Q 42. b8=Q Rxb8 43. Rxb8 Qc6+ 44. Kd4 Qd6+
0-1